banner-ar

وثائق تاريخ مصر و العرب الحديث : (Record no. 60043)

MARC details
000 -الفاتح
حقل البيانات ثابتة الطول 01151nam a2200277 4500
005 - وقت وتاريخ اخر تعامل مع التسجيلة
رقم الضبط 20240530110350.0
008 - عناصر البيانات ثابتة الطول - معلومات عامة
حقل البيانات ثابتة الطول 141217s2003 ua f b 000 0 ara d
017 ## - رقم الايداع القانونى
رقم الايداع القانونى 16843/2003
المصدر ( الهيئة المختصة) مصر . دار الكتب المصرية
020 ## - الرقم الدولى المعيارى للكتب
الرقم الدولى المعيارى للكتاب 9771018167
040 ## - مصدر الفهرسة
وكالة الفهرسة الأصلية EG-CaGPL
041 0# - رمز اللغة
رمز لغة النص/ المسارات الصوتية أو العنوان الانفرادي ara
082 04 - رقم تصنيف ديوى العشرى
رقم الطبعة 21
رقم التصنيف 962
رقم المادة ق/ز و
100 0# - المدخل الرئيسى - إسم شخصى
الإسم الشخصى زين العابدين شمس الدين نجم
245 10 - بيان العنوان
العنوان وثائق تاريخ مصر و العرب الحديث :
بقية العنوان دفتر مجموع ادارة و اجراءات 1240 -1280 هـ / 1825 - 1863 م دراسة و تحقيق /
بيان المسئوليه,etc زين العابدين شمس الدين نجم
260 ## - PUBLICATION, DISTRIBUTION, ETC. (IMPRINT)
تاريخ النشر أو التوزيع 2003
300 ## - الوصف المادى
التعداد 971 ص ؛
أبعاد الوعاء 24 سم
504 ## - تبصرة ببليوجرافية
تبصرة ببليوجرافية,الخ ببليوجرافية : ص 959 - 964
650 04 - المدخل الاضافى بالموضوع-مصطلح موضوعى
مصطلح موضوعي الوثائق
التقسيم الفرعي العام تاريخ
650 04 - المدخل الاضافى بالموضوع-مصطلح موضوعى
مصطلح موضوعي التاريخ
التقسيم الفرعي العام مصادر
650 04 - المدخل الاضافى بالموضوع-مصطلح موضوعى
مصطلح موضوعي المخطوطات المصرية
650 04 - المدخل الاضافى بالموضوع-مصطلح موضوعى
مصطلح موضوعي المخطوطات العربية
651 04 - المدخل الاضافى بالموضوع - اسم جغرافى
مصدر الرأس أو المصطلح مصر
التقسيم الفرعي العام تاريخ
-- وثائق
651 04 - المدخل الاضافى بالموضوع - اسم جغرافى
الاسم الجغرافي الوطن العربى
التقسيم الفرعي العام تاريخ
-- وثائق
942 ## - عناصر المدخل الإضافي( كوها)
مصدر التصنيف او مخطط الترفيف Dewey Decimal Classification
Koha [default] item type كتاب
260 ## - PUBLICATION, DISTRIBUTION, ETC. (IMPRINT)
-- القاهرة :
-- دار الفكر العربى ،
Holdings
حالة التراجع حالة الفقد حالة تلف ليس للاعارة المكان المؤقت الموقع الحالى تاريخ الاكتساب اجمالي اﻻعارات رقم الطلب الباركود تاريخ اخر مشاهدة تاريخ تفعيل السعر نوع وعاء كوها
        مكتبة القاهرة الكبرى مكتبة القاهرة الكبرى 12/17/2014   962 ق/ز و 159023 12/17/2014 12/17/2014 كتاب

Powered By

EGPV